The danger of words / (Record no. 28897)
[ view plain ]
| 000 -LEADER | |
|---|---|
| fixed length control field | 00803nam a2200277 4500 |
| 001 - CONTROL NUMBER | |
| control field | 28897 |
| 003 - CONTROL NUMBER IDENTIFIER | |
| rucl marc code | BD-RjUL |
| 005 - DATE AND TIME OF LATEST TRANSACTION | |
| control field | 20211209051339.0 |
| 008 - FIXED-LENGTH DATA ELEMENTS--GENERAL INFORMATION | |
| fixed length control field | 140401s1973 enk 001 0 eng |
| 020 ## - INTERNATIONAL STANDARD BOOK NUMBER | |
| International Standard Book Number | 0710075960 |
| 035 ## - SYSTEM CONTROL NUMBER | |
| System control number | (BD-RjUL)28981 |
| 040 ## - CATALOGING SOURCE | |
| Original cataloging agency | DLC |
| Transcribing agency | DLC |
| Modifying agency | BD-RjUL |
| Language of cataloging | eng |
| 041 ## - LANGUAGE CODE | |
| Language code of text/sound track or separate title | eng |
| 082 00 - DEWEY DECIMAL CLASSIFICATION NUMBER | |
| Classification number | 192 |
| Author mark and year | DRD 1973 |
| 100 1# - MAIN ENTRY--PERSONAL NAME | |
| Personal name | Drury, M. O'C. |
| Fuller form of name | (Maurice O'Connor) |
| 9 (RLIN) | 88351 |
| 245 14 - TITLE STATEMENT | |
| Title | The danger of words / |
| Statement of responsibility, etc. | M. O'C. Drury. |
| 260 ## - PUBLICATION, DISTRIBUTION, ETC. (IMPRINT) | |
| Place of publication, distribution, etc. | New York ; London : |
| Name of publisher, distributor, etc. | Humanities Press; Routledge and Kegan Paul, |
| Date of publication, distribution, etc. | c1973. |
| 300 ## - PHYSICAL DESCRIPTION | |
| Pagination | xiv, 141 p. ; |
| Size | 19 cm. |
| 490 ## - SERIES STATEMENT | |
| Series statement | Studies in philosophical psychology |
| 504 ## - BIBLIOGRAPHY, ETC. NOTE | |
| Bibliography, etc | Includes index. |
| 650 #0 - SUBJECT ADDED ENTRY--TOPICAL TERM | |
| Topical term or geographic name as entry element | Psychiatry. |
| 9 (RLIN) | 88352 |
| Topical term or geographic name as entry element | Science |
| General subdivision | Philosophy. |
| 9 (RLIN) | 88353 |
| 942 ## - ADDED ENTRY ELEMENTS (KOHA) | |
| Source of classification or shelving scheme | Dewey Decimal Classification |
| Koha item type | Books |
| Lost status | Source of classification or shelving scheme | Damaged status | Not for loan | Collection code | Permanent Location | Current Location | Shelving location | Date acquired | Source of acquisition | Cost, normal purchase price | Total Checkouts | Full call number | Date last seen | Date checked out | Copy number | Koha item type |
|---|---|---|---|---|---|---|---|---|---|---|---|---|---|---|---|---|
| Dewey Decimal Classification | Non-fiction | Central Library, University of Rajshahi | Central Library, University of Rajshahi | 23/12/1971 | Jonathan | 2.75 | 1 | 192 DRD 1973 | 02/02/2020 | 28/01/2020 | C-2 | Books | ||||
| Dewey Decimal Classification | Non-fiction | Central Library, University of Rajshahi | Central Library, University of Rajshahi | 23/12/1971 | Jonathan | 2.75 | 192 DRD 1973 | 01/04/2014 | C-1 | Books | ||||||
| Dewey Decimal Classification | Non-fiction | Central Library, University of Rajshahi | Central Library, University of Rajshahi | 29/11/1975 | Jonathan ware and com. | 2.70 | 192 DRD 1973 | 01/04/2014 | C-4 | Books |